| 000 | 00909nam a2200289Ia 4500 | ||
|---|---|---|---|
| 003 | OSt | ||
| 005 | 20221007121043.0 | ||
| 006 | a|||||r|||| 00| 0 | ||
| 007 | ta | ||
| 008 | 221006b |||||||| |||| 00| 0 eng d | ||
| 020 | _a1578082412 (pbk) | ||
| 024 | _a106514 | ||
| 037 |
_b066, 05/07/2010, N R Book Distributors _cTextbook |
||
| 040 |
_aBDL _cBDL _beng |
||
| 041 |
_2eng _aeng |
||
| 082 | _aI,166:(F), P3;5-;6 Carb | ||
| 100 |
_aShivanna K R _9527160 |
||
| 245 | 0 | _aPollen biology and biotechnology | |
| 260 |
_aEnfield _bScience Publisher _c2003 |
||
| 300 |
_axiv, 301p. _ccm. |
||
| 500 | _aReferences 237-284p.; Index 285-301p. | ||
| 650 |
_a Pollen _9710577 |
||
| 650 |
_a Pollen-biotechnology _9710578 |
||
| 650 | _aBotany | ||
| 942 |
_hI,166:(F), P3;5-;6 Carb _cTB _2CC |
||
| 999 |
_c1208375 _d1208375 |
||